Oxford handbook of clinical dentistry

Bibliographic Details
Main Authors: Mitchell, David A. (Author), Mitchell, Laura, 1958- (Author)
Other Authors: Brunton, Paul, 1898-1981 (Contributor)
Format: Book
Language:English
PhysicalDescription:xix, 797 s. ilustr., fotogr. 19 cm
Published: Oxford Oxford University Press 2005
ISBN:9780198529200
Edition:4th ed.
Series:Oxford medical publications
Subjects:

MARC

LEADER 00000nam a2200000 a 4500
001 vtls009159502
003 SK-MaSNL
005 20260301023627.0
008 240318s2005 xxko f f 001 0 eng
020 |a 9780198529200  |q (brož.) 
040 |a SNK  |b slo  |c SNK  |e AACR2 
041 0 |a eng 
044 |a xxk  |c GB 
072 7 |a 616.31  |x Stomatológia  |2 konspekt 
080 |a 616.31  |2 2001 
080 |a 616-084  |2 2001 
080 |a 616-08  |2 2001 
080 |a (035)  |2 2001 
100 1 |a Mitchell, David A.  |4 aut  |9 316301 
245 1 0 |a Oxford handbook of clinical dentistry  |c David A. Mitchell and Laura Mitchell ; with contributions from Paul Brunton 
246 3 3 |a Clinical dentistry 
250 |a 4th ed. 
260 |a Oxford  |b Oxford University Press  |c 2005 
300 |a xix, 797 s.  |b ilustr., fotogr.  |c 19 cm 
490 1 |a Oxford medical publications 
650 0 7 |a stomatológia  |2 SNKPH  |9 917 
650 0 7 |a prevencia ochorení  |2 SNKPH  |9 69501 
650 0 7 |a terapia  |2 SNKPH  |9 781 
650 0 7 |a Stomatology  |2 SNKPHeng  |9 268166 
650 0 7 |a Prevention of diseases  |2 SNKPHeng  |9 267625 
650 0 7 |a Therapy  |2 SNKPHeng  |9 267006 
655 7 |a príručky  |2 SNKPH  |9 74364 
655 7 |a Handbooks, manuals, etc.  |2 SNKPHeng  |9 90964 
700 1 |a Mitchell, Laura,  |d 1958-  |4 aut  |9 316302 
700 1 |a Brunton, Paul,  |d 1898-1981  |4 ctb  |9 122877 
830 0 |a Oxford medical publications  |9 316303 
919 |a 978-0-19-852920-0 
999 |c 569547  |d 571477 
952 |t snkOXF 616.31  |a SNKUST  |b SNKUST  |y PREZ  |7 0  |p 17A0567759  |o snkID 97950  |i snk2007/24843  |8 3  |g 35.55  |0 0  |1 0  |4 0  |d 2007-11-15  |l 0  |r 2025-04-29 00:00:00  |w 2026-02-23